000 00389nam a2200169Ia 4500
005 20250428021915.0
008 240331s9999 xx 000 0 und d
020 _a9789556712544
082 _a891
_bKAV
100 _aRajakarunanayake,S
245 0 _aKavi kanthura
250 _a7th
260 _aColombo
_bSarasavi Books
_c2013
300 _a336 p .,
650 _aA Novel
942 _cL
999 _c5790
_d5790